Nespokojnosť s nízkou cenou práce V Piešťanoch rokujú delegáti II. zjazdu Odborového zväzu TOK

Bibliographic Details
Main Authors: Jakubík, Pavol (Author), Vančo, Stanislav, 1943- (Author)
Format: Article
Language:Slovak
PhysicalDescription:Fotogr. 1
Subjects:

MARC

LEADER 00000nab a2200000 a 4500
001 vtls000606840
003 SK-MaSNL
005 20260303014206.0
008 160401c1996 xo 0 slo
015 |a SNBRB19rr/mm-uuuuu 
035 |a CL0606979 
040 |a SNKBUCL  |b slo  |c SNKBUCL  |e AACR2 
041 0 |a slo 
044 |a xo  |c SK 
080 |a 331.881(437.6):677+687+675  |2 1981 
100 1 |a Jakubík, Pavol  |4 aut  |9 697117 
245 1 0 |a Nespokojnosť s nízkou cenou práce  |b V Piešťanoch rokujú delegáti II. zjazdu Odborového zväzu TOK  |c Pavol Jakubík, Stanislav Vančo 
300 |b Fotogr. 1 
650 0 7 |a Slovenský odborový zväz pracovníkov textilného, odevného a kožiarskeho priemyslu  |2 snkbucl  |9 995228 
655 7 |a články z novín a časopisov  |2 snkbucl  |9 267496 
700 1 |a Vančo, Stanislav,  |d 1943-  |4 aut  |9 56050 
773 0 |t Práca  |g Roč. 51, č. 284 (5. 12. 1996), s. 1-2 
850 |a Slovenská národná knižnica v Martine  |a MTA001 
852 |a SNK  |b KIS3GCP 
958 |a SK 
958 |a RK 
958 |a RBX 
999 |c 1606421  |d 1608351